|
|
|
|
| LEADER |
00000cam a2200000 7i4500 |
| 001 |
0000001376 |
| 005 |
20010612.0 |
| 020 |
0 |
0 |
|a 0662234073
|
| 090 |
0 |
0 |
|a 634.9562
|b EDW 1995
|
| 100 |
1 |
0 |
|a EDWARDS
|h D. G. W.
|
| 245 |
1 |
2 |
|a A training guide for laboratory analysis of forest tree seeds
|c D. G. W. Edwards and B. S. P. Wang
|
| 260 |
0 |
0 |
|a Victoria, British Columbia, Canada :
|b Canadian Forest Service ,
|c 1995
|
| 300 |
|
|
|a x, 64 p. :
|b ill. ;
|c 28 cm.
|
| 650 |
0 |
0 |
|a Trees
|x Seeds
|x Testing
|x Laboratory manuals
|
| 700 |
0 |
1 |
|a Wang
|h Ben S. P.
|
| 998 |
|
|
|a JPSM
|
| 999 |
|
|
|a 0000000599
|b Monograph
|c Open Shelf
|e Default branch
|